| 000 | 00460nam a2200157 i 4500 | ||
|---|---|---|---|
| 001 | 48898 | ||
| 003 | ES-MaACL | ||
| 005 | 20230906161837.0 | ||
| 007 | t| | ||
| 008 | 030702s1917 ag ||||1| spa d | ||
| 100 | 1 |
_aCórdoba, Pedro de. _940544 |
|
| 245 | 1 | 0 |
_aNuestra guerra _b: la coalición contra la Argentina / _cPedro de Córdoba. |
| 260 |
_aBuenos Aires : _b"La Gaceta de España", _c1917. |
||
| 300 |
_a79 p. ; _c20 cm. |
||
| 852 |
_aES-MaACL _j1529-F-15 |
||
| 999 |
_c48898 _d48898 |
||